banner-ar

ART THROUGH THE AGES: AN INTRODUCTION TO IT HISTORY AND SIGNIFICANCE / (Record no. 19504)

MARC details
000 -الفاتح
حقل البيانات ثابتة الطول 00438nam a2200145Ia 4500
008 - عناصر البيانات ثابتة الطول - معلومات عامة
حقل البيانات ثابتة الطول 140319s9999 xx 000 0 eng d
040 ## - مصدر الفهرسة
وكالة الفهرسة الأصلية GCL /
وكالة النسخ GCL
082 04 - رقم تصنيف ديوى العشرى
رقم التصنيف 709
رقم المادة G A
100 1# - المدخل الرئيسى - إسم شخصى
الإسم الشخصى GARDNER, HELEN
245 10 - بيان العنوان
العنوان ART THROUGH THE AGES: AN INTRODUCTION TO IT HISTORY AND SIGNIFICANCE /
بيان المسئوليه,etc GARDNER, HELEN
260 ## - PUBLICATION, DISTRIBUTION, ETC. (IMPRINT)
تاريخ النشر أو التوزيع 1936
650 04 - المدخل الاضافى بالموضوع-مصطلح موضوعى
مصطلح موضوعي ARTS, HISTORY
942 ## - عناصر المدخل الإضافي( كوها)
مصدر التصنيف او مخطط الترفيف Dewey Decimal Classification
Koha [default] item type كتاب
260 ## - PUBLICATION, DISTRIBUTION, ETC. (IMPRINT)
-- [S.N] :
-- HARCOURT BRACE & COMPANY,PUBLISHERS ،
Holdings
حالة التراجع حالة الفقد حالة تلف ليس للاعارة المكان المؤقت الموقع الحالى تاريخ الاكتساب اجمالي اﻻعارات رقم الطلب الباركود تاريخ اخر مشاهدة تاريخ تفعيل السعر نوع وعاء كوها
        مكتبة القاهرة الكبرى مكتبة القاهرة الكبرى 03/26/2014   709\G A 37152 03/26/2014 03/26/2014 كتاب
        مكتبة القاهرة الكبرى مكتبة القاهرة الكبرى 03/26/2014   709\G A 37153 03/26/2014 03/26/2014 كتاب

Powered By

EGPV